[Event "Gatineau Pentes enneigees"]
[Site "Gatineau"]
[Date "2019.02.26"]
[Round "5"]
[White "Jobin, Gilles G"]
[Black "Guimond, Michel"]
[Result "0-1"]
[WhiteElo "1755"]
[BlackElo "1927"]
[PlyCount "92"]
[EventDate "2019.01.22"]
[EventType "swiss"]
[EventRounds "5"]
[EventCountry "CAN"]
[SourceTitle "EXT 2022"]
[Source "ChessBase"]
[SourceDate "2021.10.06"]
[SourceVersion "1"]
[SourceVersionDate "2021.10.06"]
[SourceQuality "1"]

1. d4 c5 2. d5 e5 3. dxe6 fxe6 4. e4 Nc6 5. Nf3 d6 6. Bc4 Be7 7. Nc3 Na5 8. Be2 a6 9. 0-0 b5 10. Bf4 Nf6 11. e5 Nh5 12. Bd2 0-0 13. exd6 Qxd6 14. Ne4 Qc7 15. Nfg5 Nf4 16. Bf3 Nc4 17. Bxf4 Qxf4 18. g3 Qe5 19. b3 Nb6 20. Bg2 Ra7 21. f4 Qf5 22. Bh3 Qg6 23. Qe2 h6 24. Nf3 Bb7 25. Nxc5 Bxc5+ 26. Kg2 Qe4 27. Bxe6+ Kh8 28. Rae1 Qxe2+ 29. Rxe2 Nd5 30. Bxd5 Bxd5 31. Re5 Rd7 32. Kh3 Rd6 33. c4 bxc4 34. bxc4 Be6+ 35. Kg2 Rc8 36. Rc1 Ba3 37. Rce1 Bxc4 38. R1e3 Bc1 39. Re8+ Rxe8 40. Rxe8+ Bg8 41. Rc8 Ba3 42. g4 Kh7 43. Kg3 Rd3 44. Kf2 Be6 45. Ne5 Bxc8 46. Nxd3 Bxg4 0-1

[Event "Gatineau Premiers Flocons"]
[Site "Gatineau"]
[Date "2018.12.04"]
[Round "2"]
[White "Guimond, Michel"]
[Black "Jobin, Gilles G"]
[Result "1/2-1/2"]
[WhiteElo "1929"]
[BlackElo "1767"]
[PlyCount "40"]
[EventDate "2018.11.27"]
[EventType "swiss"]
[EventRounds "4"]
[EventCountry "CAN"]
[SourceTitle "EXT 2022"]
[Source "ChessBase"]
[SourceDate "2021.10.06"]
[SourceVersion "1"]
[SourceVersionDate "2021.10.06"]
[SourceQuality "1"]

1. e4 d6 2. d4 Nf6 3. Nc3 e5 4. d5 c6 5. f3 Be7 6. Be3 0-0 7. g4 Ne8 8. Qd2 Bh4+ 9. Bf2 Bxf2+ 10. Qxf2 Qb6 11. Qxb6 axb6 12. 0-0-0 Na6 13. Na4 b5 14. Nb6 Rb8 15. a3 Nc5 16. b3 Nd7 17. Nxc8 Rxc8 18. g5 Ra8 19. Kb2 Nb6 20. dxc6 bxc6 1/2-1/2

[Event "Gatineau Special Hiver Rotation-1"]
[Site "Gatineau"]
[Date "2018.03.06"]
[Round "5"]
[White "Guimond, Michel"]
[Black "Rioux, Jocelyn"]
[Result "1-0"]
[WhiteElo "1905"]
[BlackElo "1597"]
[PlyCount "59"]
[EventDate "2018.02.06"]
[EventType "tourn"]
[EventRounds "5"]
[EventCountry "CAN"]
[SourceTitle "EXT 2022"]
[Source "ChessBase"]
[SourceDate "2021.10.06"]
[SourceVersion "1"]
[SourceVersionDate "2021.10.06"]
[SourceQuality "1"]

1. e4 e6 2. d4 d5 3. e5 c5 4. c3 Nc6 5. Nf3 Qb6 6. Bd3 Bd7 7. 0-0 cxd4 8. cxd4 Nxd4 9. Nxd4 Qxd4 10. Qe2 Ne7 11. Nd2 Qb6 12. Nb3 Nc6 13. Be3 Qc7 14. f4 a6 15. Rac1 Rc8 16. Qf2 Qb8 17. Bb6 Be7 18. Nc5 Nb4 19. Bb1 Bb5 20. Rfe1 0-0 21. f5 Rfe8 22. f6 Bxc5 23. Bxc5 Nd3 24. Qg3 g6 25. Bxd3 Bxd3 26. Qe3 Kh8 27. Qxd3 Rc6 28. Qe3 b6 29. Qh6 Rg8 30. Rc3 1-0

[Event "Gatineau Special Hiver Rotation-1"]
[Site "Gatineau"]
[Date "2018.02.27"]
[Round "4"]
[White "Raymond, Daniel"]
[Black "Guimond, Michel"]
[Result "0-1"]
[WhiteElo "1797"]
[BlackElo "1905"]
[PlyCount "90"]
[EventDate "2018.02.06"]
[EventType "tourn"]
[EventRounds "5"]
[EventCountry "CAN"]
[SourceTitle "EXT 2022"]
[Source "ChessBase"]
[SourceDate "2021.10.06"]
[SourceVersion "1"]
[SourceVersionDate "2021.10.06"]
[SourceQuality "1"]

1. e4 e6 2. d4 d5 3. Nd2 Nf6 4. e5 Ng8 5. Bd3 c5 6. c3 Nc6 7. Ne2 Bd7 8. 0-0 c4 9. Bc2 Qc7 10. f4 0-0-0 11. b4 f5 12. Nf3 h6 13. a4 a5 14. b5 Na7 15. Ba3 Bxa3 16. Rxa3 b6 17. Qe1 Be8 18. Qf2 Ne7 19. Rfa1 Ng6 20. Qg3 Nf8 21. Qh3 g6 22. Bd1 Qg7 23. Ne1 Kc7 24. Nc2 Nc8 25. Qe3 g5 26. Nb4 Ne7 27. Na6+ Kc8 28. Qg3 Rg8 29. Kh1 Nh7 30. Qf2 Ng6 31. g3 gxf4 32. Nxf4 Nxf4 33. Qxf4 Ng5 34. Bf3 Nxf3 35. Qxf3 Qg5 36. Qf4 Qh5 37. Nb4 Rg4 38. Qf2 f4 39. gxf4 Bg6 40. Re1 Rg8 41. Raa1 axb4 42. cxb4 Qh3 43. a5 Rg2 44. Qxg2 Be4 45. Qxe4 dxe4 0-1

[Event "Gatineau Automne"]
[Site "Gatineau"]
[Date "2017.10.31"]
[Round "1"]
[White "Guimond, Michel"]
[Black "Seguin, Hubert"]
[Result "1-0"]
[WhiteElo "1897"]
[BlackElo "1610"]
[PlyCount "51"]
[EventDate "2017.10.31"]
[EventType "swiss"]
[EventRounds "5"]
[EventCountry "CAN"]
[SourceTitle "EXT 2022"]
[Source "ChessBase"]
[SourceDate "2021.10.06"]
[SourceVersion "1"]
[SourceVersionDate "2021.10.06"]
[SourceQuality "1"]

1. e4 c5 2. Nf3 d6 3. d4 cxd4 4. Nxd4 Nf6 5. Nc3 Nc6 6. Bc4 g6 7. f3 Bg7 8. Be3 0-0 9. Qd2 Bd7 10. 0-0-0 a6 11. Bh6 b5 12. Bxg7 Kxg7 13. Nxc6 Bxc6 14. Bd5 Rc8 15. g4 b4 16. Ne2 Qa5 17. Bb3 Ba4 18. Kb1 Bb5 19. Ng3 Bc4 20. g5 Nd7 21. Qd4+ e5 22. Qxd6 Bxb3 23. axb3 Rfd8 24. Rd5 Rc5 25. Rhd1 Qc7 26. Rxc5 1-0

[Event "Gatineau Hiver-A"]
[Site "Gatineau"]
[Date "2017.01.31"]
[Round "1"]
[White "Guimond, Michel"]
[Black "Scantland, Patrick"]
[Result "1-0"]
[WhiteElo "1867"]
[BlackElo "1753"]
[PlyCount "79"]
[EventDate "2017.01.31"]
[EventType "swiss"]
[EventRounds "4"]
[EventCountry "CAN"]
[SourceTitle "EXT 2022"]
[Source "ChessBase"]
[SourceDate "2021.10.06"]
[SourceVersion "1"]
[SourceVersionDate "2021.10.06"]
[SourceQuality "1"]

1. e4 e5 2. Nf3 Nc6 3. Bb5 a6 4. Ba4 Nf6 5. d3 b5 6. Bb3 Be7 7. c3 d6 8. Nbd2 0-0 9. Nf1 h6 10. Ng3 Re8 11. 0-0 Bf8 12. h3 Bb7 13. a3 Na5 14. Ba2 c5 15. b4 cxb4 16. axb4 Nc6 17. Nh4 d5 18. Nhf5 Ne7 19. Qb3 Qd7 20. Nxe7+ Qxe7 21. f4 Rac8 22. Bd2 Red8 23. Nf5 Qc7 24. fxe5 Qxe5 25. d4 Qxe4 26. Qb2 Qe8 27. Nxh6+ Kh8 28. Rae1 Qd7 29. Bb1 Rc6 30. Bg5 gxh6 31. Bxf6+ Rxf6 32. Rxf6 Re8 33. Rxe8 Qxe8 34. Qc2 Qe1+ 35. Kh2 Qe4 36. Qd1 Qh4 37. Qf1 Bc8 38. Rxf7 Bd6+ 39. Kh1 Be6 40. Qf6+ 1-0

[Event "Outaouais-ch reserve"]
[Site "Gatineau"]
[Date "2014.05.06"]
[Round "4"]
[White "Guimond, Michel"]
[Black "Laferriere, Bruno"]
[Result "0-1"]
[WhiteElo "1890"]
[BlackElo "1836"]
[PlyCount "60"]
[EventDate "2014.04.14"]
[EventType "swiss"]
[EventRounds "6"]
[EventCountry "CAN"]
[SourceTitle "EXT 2022"]
[Source "ChessBase"]
[SourceDate "2021.10.06"]
[SourceVersion "1"]
[SourceVersionDate "2021.10.06"]
[SourceQuality "1"]

1. e4 c5 2. Bc4 Nc6 3. c3 e6 4. Qe2 a6 5. a4 Nge7 6. d3 d5 7. Ba2 h6 8. Nf3 g6 9. 0-0 Bg7 10. e5 d4 11. cxd4 cxd4 12. Na3 0-0 13. Bd2 g5 14. h3 Ng6 15. a5 Ncxe5 16. Nxe5 Bxe5 17. Nc4 Bc7 18. Bb4 Re8 19. f4 Nxf4 20. Rxf4 gxf4 21. Ne5 Bxe5 22. Qxe5 Qg5 23. Qe4 f5 24. Qf3 Qg3 25. Qh5 Bd7 26. Qxh6 f3 27. Qd2 Bc6 28. Re1 Kf7 29. Rxe6 f2+ 30. Qxf2 Qxf2+ 0-1

[Event "Outaouais-ch reserve"]
[Site "Gatineau"]
[Date "2014.04.14"]
[Round "1"]
[White "Berthiaume, Serge"]
[Black "Guimond, Michel"]
[Result "0-1"]
[WhiteElo "1502"]
[BlackElo "1890"]
[PlyCount "86"]
[EventDate "2014.04.14"]
[EventType "swiss"]
[EventRounds "6"]
[EventCountry "CAN"]
[SourceTitle "EXT 2022"]
[Source "ChessBase"]
[SourceDate "2021.10.06"]
[SourceVersion "1"]
[SourceVersionDate "2021.10.06"]
[SourceQuality "1"]

1. d4 g6 2. Nf3 Bg7 3. e4 d6 4. Be3 Nf6 5. Nc3 0-0 6. h3 c5 7. e5 dxe5 8. dxe5 Nfd7 9. Bf4 Nc6 10. Qe2 Qa5 11. Qe3 Nb4 12. Bd3 Nd5 13. Qd2 Nxf4 14. Qxf4 e6 15. 0-0 Qb4 16. Qe3 Qxb2 17. Na4 Qb4 18. Qe4 Qxe4 19. Bxe4 Rb8 20. Rab1 b5 21. Nb2 Nxe5 22. Nxe5 Bxe5 23. Nd3 Bd4 24. Nf4 a6 25. Ne2 Bg7 26. Rfd1 Bb7 27. Bxb7 Rxb7 28. Rd2 Rbb8 29. Rd7 Rfd8 30. Rbd1 Rxd7 31. Rxd7 Bf6 32. Ra7 Rd8 33. Rxa6 Rd1+ 34. Kh2 Rd2 35. Nf4 Rxf2 36. Nxe6 fxe6 37. Rxe6 Kf7 38. Rb6 Be5+ 39. Kg1 Bg3 40. Rxb5 Re2 41. Rb1 Rxc2 42. Rf1+ Ke6 43. a3 Ra2 0-1

[Event "Gatineau CC-ch semi rapid"]
[Site "Gatineau"]
[Date "2014.03.25"]
[Round "4"]
[White "Danilov, Alex"]
[Black "Guimond, Michel"]
[Result "0-1"]
[WhiteElo "1843"]
[BlackElo "1750"]
[PlyCount "62"]
[EventDate "2014.03.25"]
[EventType "swiss (rapid)"]
[EventRounds "6"]
[EventCountry "CAN"]
[SourceTitle "EXT 2022"]
[Source "ChessBase"]
[SourceDate "2021.10.06"]
[SourceVersion "1"]
[SourceVersionDate "2021.10.06"]
[SourceQuality "1"]

1. c4 g6 2. g3 Bg7 3. Bg2 d6 4. Nc3 e5 5. e4 Nc6 6. Nge2 Be6 7. d3 Qd7 8. 0-0 Bh3 9. f4 h5 10. f5 Bxg2 11. Kxg2 h4 12. Nd5 hxg3 13. Nxg3 0-0-0 14. Be3 Nd4 15. Bxd4 exd4 16. b4 g5 17. Qg4 c6 18. Nh5 Be5 19. Qxg5 cxd5 20. cxd5 f6 21. Qc1+ Kb8 22. Nf4 Qg7+ 23. Kh1 Qg3 24. Qd2 Ne7 25. Rf2 Rdg8 26. Raf1 Rh4 27. b5 Rgh8 28. Rb1 Rxh2+ 29. Rxh2 Qf3+ 30. Qg2 Rxh2+ 31. Kxh2 Bxf4+ 0-1

[Event "Gatineau Loisirs"]
[Site "Gatineau"]
[Date "2013.11.05"]
[Round "4"]
[White "Guimond, Michel"]
[Black "Morel, Joseph"]
[Result "1/2-1/2"]
[WhiteElo "1917"]
[BlackElo "1717"]
[PlyCount "67"]
[EventDate "2013.10.15"]
[EventType "swiss"]
[EventRounds "4"]
[EventCountry "CAN"]
[SourceTitle "EXT 2022"]
[Source "ChessBase"]
[SourceDate "2021.10.06"]
[SourceVersion "1"]
[SourceVersionDate "2021.10.06"]
[SourceQuality "1"]

1. e4 c5 2. Nf3 e6 3. d4 cxd4 4. Nxd4 Nc6 5. Be3 Nf6 6. Nd2 a6 7. f3 Qc7 8. N2b3 Be7 9. Bd3 0-0 10. f4 Nxd4 11. Nxd4 b5 12. e5 Nd5 13. Bd2 d6 14. Qh5 g6 15. Qe2 dxe5 16. fxe5 Rd8 17. Nf3 Bb7 18. 0-0-0 Nb4 19. Bxb4 Bxb4 20. Rhf1 Qa5 21. Kb1 Bd5 22. a3 Bxa3 23. Ng5 Qb4 24. c3 Qb3 25. Nxf7 Qa2+ 26. Kc1 Qa1+ 27. Bb1 Rdc8 28. Nh6+ Kg7 29. Rf7+ Kh8 30. Rd3 Ba2 31. Rxh7+ Kxh7 32. Rd7+ Kh8 33. Nf7+ Kg7 34. Nh6+ 1/2-1/2

[Event "Gatineau Commanditaires"]
[Site "Gatineau"]
[Date "2013.03.19"]
[Round "4"]
[White "Guimond, Michel"]
[Black "Jobin, Gilles G"]
[Result "1/2-1/2"]
[WhiteElo "1919"]
[BlackElo "1816"]
[PlyCount "120"]
[EventDate "2013.02.26"]
[EventType "swiss"]
[EventRounds "4"]
[EventCountry "CAN"]
[SourceTitle "EXT 2022"]
[Source "ChessBase"]
[SourceDate "2021.10.06"]
[SourceVersion "1"]
[SourceVersionDate "2021.10.06"]
[SourceQuality "1"]

1. e4 c5 2. Nf3 Nc6 3. d4 cxd4 4. Nxd4 e6 5. Bc4 Nf6 6. Nc3 a6 7. a3 Qc7 8. Ba2 Nxd4 9. Qxd4 Bc5 10. Qd1 b5 11. Bg5 Bxa3 12. Bd5 Bxb2 13. Nxb5 axb5 14. Bxa8 Bc3+ 15. Bd2 Bxa1 16. Qxa1 Qxc2 17. Bb4 Qc4 18. Qa3 Nxe4 19. f3 Nf6 20. Kf2 Qd4+ 21. Ke2 Nd5 22. Rc1 Nb6 23. Bc3 Qa4 24. Qc5 Qxa8 25. Bb4 d6 26. Qxd6 Nd5 27. Rc7 Qa2+ 28. Ke1 Qb1+ 29. Kf2 Qb2+ 30. Kg3 f5 31. Rxc8+ Kf7 32. Rxh8 Qxb4 33. Qxb4 Nxb4 34. Rb8 Nd5 35. Rxb5 g5 36. Kf2 h5 37. g3 Kf6 38. Rb8 f4 39. Ra8 fxg3+ 40. hxg3 h4 41. gxh4 gxh4 42. Ra4 Kg5 43. Rg4+ Kh5 44. Re4 Nc7 45. Kg2 Kg5 46. Kh3 Kf5 47. Kxh4 e5 48. Kg3 Ne6 49. Ra4 Nd4 50. Ra5 Ne2+ 51. Kf2 Nf4 52. Rb5 Nd3+ 53. Kg3 Nf4 54. Rb8 Ne2+ 55. Kf2 Nf4 56. Rf8+ Ke6 57. Ke3 Nd5+ 58. Kd3 Nf6 59. Kc4 Kf5 60. Kd3 Ke6 1/2-1/2

[Event "Gatineau Commanditaires"]
[Site "Gatineau"]
[Date "2013.03.12"]
[Round "3"]
[White "Dagenais, Benoit"]
[Black "Guimond, Michel"]
[Result "0-1"]
[WhiteElo "1738"]
[BlackElo "1919"]
[PlyCount "48"]
[EventDate "2013.02.26"]
[EventType "swiss"]
[EventRounds "4"]
[EventCountry "CAN"]
[SourceTitle "EXT 2022"]
[Source "ChessBase"]
[SourceDate "2021.10.06"]
[SourceVersion "1"]
[SourceVersionDate "2021.10.06"]
[SourceQuality "1"]

1. Nf3 Nf6 2. Nc3 c5 3. e4 d6 4. d4 cxd4 5. Nxd4 g6 6. f3 Bg7 7. Be3 0-0 8. Qd2 Re8 9. 0-0-0 Nc6 10. Bh6 Bh8 11. h4 Nxd4 12. Qxd4 Ng4 13. Qd2 Nxh6 14. Qxh6 Be6 15. Nd5 b5 16. h5 Bg7 17. Qf4 Qa5 18. a3 b4 19. Nxb4 Rab8 20. hxg6 hxg6 21. e5 Bxe5 22. Qh4 Bf6 23. Qh7+ Kf8 24. Rh4 Qg5+ 0-1

[Event "Gatineau op"]
[Site "Gatineau"]
[Date "2013.03.03"]
[Round "4"]
[White "Guimond, Michel"]
[Black "Donev, Danail"]
[Result "1-0"]
[WhiteElo "1941"]
[BlackElo "2070"]
[PlyCount "99"]
[EventDate "2013.03.01"]
[EventType "swiss"]
[EventRounds "5"]
[EventCountry "CAN"]
[SourceTitle "EXT 2022"]
[Source "ChessBase"]
[SourceDate "2021.10.06"]
[SourceVersion "1"]
[SourceVersionDate "2021.10.06"]
[SourceQuality "1"]

1. e4 c5 2. Nf3 d6 3. d4 cxd4 4. Nxd4 Nf6 5. Nc3 a6 6. Bc4 e6 7. a4 Qc7 8. Bb3 Nbd7 9. Qe2 Nc5 10. a5 e5 11. Nf3 Nxb3 12. cxb3 Be6 13. Ra4 Bxb3 14. Rb4 Be6 15. Ng5 Bg4 16. Qc2 h6 17. Qb3 Rb8 18. f3 hxg5 19. fxg4 d5 20. exd5 Bxb4 21. Qxb4 Qd7 22. Bxg5 Qxg4 23. Qd6 Rd8 24. Qxe5+ Kf8 25. 0-0 Rh5 26. Qc7 Rc8 27. Qd6+ Kg8 28. Bxf6 gxf6 29. Qxf6 Qg6 30. Ne4 Rxd5 31. Qxg6+ fxg6 32. Nf6+ Kg7 33. Nxd5 Rc5 34. Nc3 Rxa5 35. g3 Re5 36. Kg2 Re7 37. h3 Rd7 38. Rd1 Rc7 39. g4 b5 40. Rd2 Rc6 41. g5 Kf7 42. Kg3 b4 43. Na4 b3 44. Nc3 Ke6 45. Rd8 a5 46. Rb8 Rc5 47. h4 Rc4 48. Rxb3 Rb4 49. Rxb4 axb4 50. Na2 1-0

[Event "Gatineau op"]
[Site "Gatineau"]
[Date "2013.03.03"]
[Round "5"]
[White "Guimond, Michel"]
[Black "Martin, Spencer"]
[Result "1/2-1/2"]
[WhiteElo "1941"]
[BlackElo "1955"]
[PlyCount "64"]
[EventDate "2013.03.01"]
[EventType "swiss"]
[EventRounds "5"]
[EventCountry "CAN"]
[SourceTitle "EXT 2022"]
[Source "ChessBase"]
[SourceDate "2021.10.06"]
[SourceVersion "1"]
[SourceVersionDate "2021.10.06"]
[SourceQuality "1"]

1. e4 e6 2. d3 d5 3. Nd2 c5 4. Ngf3 Nc6 5. g3 Nge7 6. Bg2 Ng6 7. 0-0 Bd6 8. Re1 d4 9. a4 e5 10. Nc4 h5 11. h3 f6 12. Bd2 Be6 13. Nxd6+ Qxd6 14. Qe2 a5 15. Nh2 Qd7 16. Qf1 Nge7 17. f4 exf4 18. gxf4 g6 19. Nf3 0-0-0 20. e5 f5 21. Ng5 Nd5 22. Qf3 Rhe8 23. Qd1 Nc7 24. Rf1 Bd5 25. Bxd5 Qxd5 26. Qf3 Re7 27. Qxd5 Rxd5 28. Rae1 Ne6 29. Nf3 Nb4 30. Rc1 Na2 31. Ra1 Nb4 32. Rac1 Na2 1/2-1/2

[Event "Gatineau op"]
[Site "Gatineau"]
[Date "2013.03.02"]
[Round "3"]
[White "Jobin, Gilles G"]
[Black "Guimond, Michel"]
[Result "1/2-1/2"]
[WhiteElo "2018"]
[BlackElo "1941"]
[PlyCount "62"]
[EventDate "2013.03.01"]
[EventType "swiss"]
[EventRounds "5"]
[EventCountry "CAN"]
[SourceTitle "EXT 2022"]
[Source "ChessBase"]
[SourceDate "2021.10.06"]
[SourceVersion "1"]
[SourceVersionDate "2021.10.06"]
[SourceQuality "1"]

1. Nf3 Nf6 2. g3 g6 3. Bg2 Bg7 4. d3 d6 5. 0-0 e5 6. Nc3 c6 7. e4 h6 8. Bd2 g5 9. Qe2 Nbd7 10. Nd1 Nf8 11. Ne3 Ng6 12. h3 g4 13. hxg4 Nxg4 14. Nf5 Bxf5 15. exf5 Ne7 16. Nh4 h5 17. Bf3 Nf6 18. Bg5 Qc7 19. d4 e4 20. Bxe4 0-0-0 21. Bf3 Rde8 22. Qc4 Nfd5 23. Bxe7 Nxe7 24. Qxf7 Bxd4 25. c3 Be5 26. f6 Nd5 27. Bxd5 cxd5 28. Qxc7+ Kxc7 29. f7 Re6 30. f4 Bg7 31. Rfe1 Rf6 1/2-1/2

[Event "Gatineau op"]
[Site "Gatineau"]
[Date "2013.03.01"]
[Round "1"]
[White "Hamilton, Robert"]
[Black "Guimond, Michel"]
[Result "1-0"]
[WhiteElo "2360"]
[BlackElo "1941"]
[PlyCount "81"]
[EventDate "2013.03.01"]
[EventType "swiss"]
[EventRounds "5"]
[EventCountry "CAN"]
[SourceTitle "EXT 2022"]
[Source "ChessBase"]
[SourceDate "2021.10.06"]
[SourceVersion "1"]
[SourceVersionDate "2021.10.06"]
[SourceQuality "1"]

1. d4 g6 2. e4 Bg7 3. c3 d6 4. f4 Nf6 5. Bd3 e5 6. Nf3 exd4 7. cxd4 0-0 8. Nc3 c6 9. 0-0 b5 10. Kh1 a5 11. a3 Ba6 12. Be3 b4 13. axb4 axb4 14. Ne2 Qb6 15. Bg1 Nbd7 16. e5 Nd5 17. exd6 f6 18. f5 Bxd3 19. Qxd3 g5 20. Ng3 Qb5 21. Qxb5 cxb5 22. Ne4 N7b6 23. Rfc1 Rxa1 24. Rxa1 Rd8 25. Ra5 Bf8 26. Rxb5 Kf7 27. Ne5+ fxe5 28. dxe5 Ra8 29. h4 Ra1 30. Nxg5+ Ke8 31. Kh2 Rxg1 32. Kxg1 Kd7 33. Nxh7 Bh6 34. Ng5 Kc6 35. Ra5 Ne3 36. Ra7 Nxf5 37. Rc7+ Kd5 38. d7 Bxg5 39. hxg5 Nxd7 40. Rxd7+ Kxe5 41. Rb7 1-0

[Event "Gatineau Service des Loisirs"]
[Site "Gatineau"]
[Date "2012.10.23"]
[Round "2"]
[White "Dagenais, Benoit"]
[Black "Guimond, Michel"]
[Result "0-1"]
[WhiteElo "1730"]
[BlackElo "1977"]
[PlyCount "74"]
[EventDate "2012.10.16"]
[EventType "swiss"]
[EventRounds "4"]
[EventCountry "CAN"]
[SourceTitle "EXT 2022"]
[Source "ChessBase"]
[SourceDate "2021.10.06"]
[SourceVersion "1"]
[SourceVersionDate "2021.10.06"]
[SourceQuality "1"]

1. g3 e5 2. Nf3 Nc6 3. d4 e4 4. d5 exf3 5. dxc6 fxe2 6. cxd7+ Bxd7 7. Qxe2+ Qe7 8. Qxe7+ Nxe7 9. Bg2 Nc6 10. c3 0-0-0 11. 0-0 h5 12. b4 h4 13. gxh4 f6 14. Bf4 Ne5 15. a4 Ng6 16. Bg3 Nxh4 17. Bh1 Bh3 18. Re1 Nf5 19. Na3 Nxg3 20. hxg3 f5 21. Nc4 g5 22. Na5 c6 23. b5 Bg4 24. Bg2 f4 25. gxf4 gxf4 26. Re4 Bd6 27. bxc6 bxc6 28. Nxc6 Rdg8 29. Nxa7+ Kd7 30. Rb1 Bf3 31. Rb7+ Bc7 32. Rxc7+ Kxc7 33. Nb5+ Kb8 34. Re8+ Rxe8 35. Bxf3 Re1+ 36. Kg2 Rg8+ 37. Kh2 Re6 0-1

[Event "Gatineau Commanditaires op"]
[Site "Gatineau"]
[Date "2012.03.20"]
[Round "4"]
[White "Dagenais, Benoit"]
[Black "Guimond, Michel"]
[Result "0-1"]
[WhiteElo "1702"]
[BlackElo "1923"]
[PlyCount "44"]
[EventDate "2012.02.28"]
[EventType "swiss"]
[EventRounds "4"]
[EventCountry "CAN"]
[SourceTitle "EXT 2013"]
[Source "ChessBase"]
[SourceDate "2012.11.22"]
[SourceVersion "1"]
[SourceVersionDate "2012.11.22"]
[SourceQuality "1"]

1. e4 e6 2. d4 d5 3. exd5 exd5 4. c4 c6 5. Nf3 Bd6 6. cxd5 cxd5 7. Nc3 Ne7 8. Bb5+ Nbc6 9. Bxc6+ bxc6 10. 0-0 0-0 11. Be3 Nf5 12. Rc1 Nxe3 13. fxe3 f6 14. e4 Bf4 15. Rc2 dxe4 16. Nxe4 Qd5 17. Nc3 Qh5 18. g3 Be3+ 19. Kh1 Re8 20. Ne2 Bh3 21. Rf2 Bxf2 22. Nf4 Re1+ 0-1